Recuerdo de Vasco de Quiroga

Na minha lista:
Detalhes bibliográficos
Autor principal: Zavala, Silvio Arturo (Author)
Formato: Livro
Idioma:espanhol
Publicado em: Ciudad de México Porrua 1965
Assuntos:
Tags: Adicionar Tag
Sem tags, seja o primeiro a adicionar uma tag!

MARC

LEADER 00000nam a2200000 a 4500
001 UCV9400
003 CL-VaPUC
008 920831e19650000MX |||||||||||||||||spa|d
082 0 4 |a 335.02  |b ZAV  |2 21 
100 0 |a Zavala, Silvio Arturo  |e author  |9 303404 
245 1 0 |a Recuerdo de Vasco de Quiroga 
300 |a 215 p 
942 |c BK 
945 |d 19920831 00:00:00 
260 |a Ciudad de México  |b Porrua  |c 1965 
600 0 7 |a QUIROGA, VASCO DE  |2 CL-VaPUC  |9 268086 
650 7 |a UTOPIAS HISTORIA  |2 CL-VaPUC  |9 268087 
650 0 |a Crítica e interpretación   |9 255042 
583 |a last modification  |c 19920831 00:00:00  |k Rodrigo Vera 
999 |c 214743  |d 214741 
952 |0 0  |1 0  |4 0  |6 335_020000000000000_ZAV_1965  |7 0  |8 P  |9 198429  |a BIBARQ  |b BIBARQ  |d 2019-11-14  |i 265895K  |o 335.02 ZAV 1965  |p 265895K  |r 2025-01-20  |w 2019-11-14  |y BK  |k ARQ